O Templo do Rubi do Fogo (Registo nº 1049)

Detalhes MARC
000 -Etiqueta do registo
Cabeçalho 00802nam0a2200289 i 4500
005 - Identificador da versão
Campo de controlo 20240813121823.0
010 ## - Número internacional normalizado dos livros (ISBN)
Número (ISBN) 9789722338592
021 ## - Número do Depósito Legal
Código do país PT
Número 291 617/09
035 ## - Other System Control Numbers
System Control Number 0001098
100 ## - Dados gerais de processamento
Dados gerais de processamento 20100204d20072009cd y0pory5003 ba
102 ## - Pais de publicação ou produção
País de publicação Portugal
101 1# - Língua de publicação
Língua do texto, banda sonora, etc. Português
Língua do documento no original Italiano
106 ## - Campo de dados codificados: material textual
Dados codificados do material textual r
105 ## - Campo de dados codificados: livros
Dados codificados dos livros a z 001yy
215 ## - Descrição física 
Indicação específica da natureza do documento e extensão da espécie 112 p.
Outras indicações físicas il
Dimensões cm
200 1# - Titulo e menção de responsabilidade
Título próprio O Templo do Rubi do Fogo
Primeira menção de responsabilidade Geronimo Stilton
Outras menções de responsabilidade il. Claudio e Maria Cernuschi
-- trad. Carlos Grifo Babo
225 2# - Colecção 
Título próprio da colecção Geronimo Stilton
Indicação de volume 19
205 ## - Menção da edição
Menção da edição 3ª ed.
210 ## - Publicação, Distribuição, etc. 
Lugar da edição, distribuição, etc. Lisboa
Nome do editor, distribuidor, etc. Editorial Presença
Data da publicação, distribuição, etc. 2009
304 ## - Notas relativas a título e menção de responsabilidade 
Texto da nota Tít. orig.: Il Tempio del Rubino di Fuoco
675 ## - Classificação Decimal Universal (CDU)
Notação 087.5
Edição BN
Língua da edição por
700 #1 - Nome de autor-pessoa física (responsabilidade principal)
Número de registo de entrada de autoridade 0001207
Palavra de ordem Stilton
Outra parte do nome não tomada para palavra de ordem Geronimo
942 ## - Elementos de entrada adicionados (Koha)
Tipo de item no Koha Livro
Exemplares
Situação do levantamento Origin of item (home branch) (coded) Biblioteca de empréstimo Código de barras Cota Circulation type (not for loan) Tipo de documento Nota do exemplar Damaged status
  Biblioteca Escolar Eng. Nuno Mergulhão Biblioteca Escolar Eng. Nuno Mergulhão BENM1906 8EST STI   Livro Sem mensagem